Bank lending valuations and mortgage lending value (Record no. 116166)
[ view plain ]
| 000 -LEADER | |
|---|---|
| fixed length control field | 01703cad a22003135a 4500 |
| 001 - CONTROL NUMBER | |
| control field | L159942 |
| 005 - DATE AND TIME OF LATEST TRANSACTION | |
| control field | 20251219120433.0 |
| 008 - FIXED-LENGTH DATA ELEMENTS--GENERAL INFORMATION | |
| fixed length control field | 130516s2018 xxk f f 001 0 eng d |
| 020 ## - INTERNATIONAL STANDARD BOOK NUMBER | |
| International Standard Book Number | 9781783212293 |
| 035 ## - SYSTEM CONTROL NUMBER | |
| System control number | (Sirsi) u159942 |
| 041 0# - LANGUAGE CODE | |
| Language code of text/sound track or separate title | eng |
| 050 04 - LIBRARY OF CONGRESS CALL NUMBER | |
| Classification number | 333.332 $2 18 |
| 110 2# - MAIN ENTRY--CORPORATE NAME | |
| Corporate name or jurisdiction name as entry element | Royal Institution of Chartered Surveyors |
| 9 (RLIN) | 4900 |
| 245 00 - TITLE STATEMENT | |
| Title | Bank lending valuations and mortgage lending value |
| Medium | [archived] |
| 250 ## - EDITION STATEMENT | |
| Edition statement | 1st |
| 260 ## - PUBLICATION, DISTRIBUTION, ETC. | |
| Place of publication, distribution, etc. | London |
| Name of publisher, distributor, etc. | RICS |
| Date of publication, distribution, etc. | 2018 |
| 490 #0 - SERIES STATEMENT | |
| Series statement | RICS Guidance Note |
| 490 #0 - SERIES STATEMENT | |
| Series statement | RICS Professional Standard |
| 500 ## - GENERAL NOTE | |
| General note | superseded from 1 January 2026 by 2nd edition ISBN 9781783215607 |
| 520 ## - SUMMARY, ETC. | |
| Summary, etc. | Covers sustainable or long-term value methods, the main definitions of mortgage lending value (MLV) in EU, Germany, Spain and the role of the RICS valuer. Primarily directed at those providing valuation services within or subject to EU jurisdictions for bank-lending purposes, in particular where the provision of a MLV is requested. Effective from 1 June 2018. |
| 520 ## - SUMMARY, ETC. | |
| Summary, etc. | Please note, this document was reissued in October 2022 as a professional standard. It was previously published in June 2018 as a Guidance Note. |
| 650 24 - SUBJECT ADDED ENTRY--TOPICAL TERM | |
| Topical term or geographic name entry element | LENDING |
| 650 24 - SUBJECT ADDED ENTRY--TOPICAL TERM | |
| Topical term or geographic name entry element | MORTGAGE VALUATION |
| 651 #4 - SUBJECT ADDED ENTRY--GEOGRAPHIC NAME | |
| Geographic name | Europe |
| 690 ## - LOCAL SUBJECT ADDED ENTRY--TOPICAL TERM (OCLC, RLIN) | |
| Topical term or geographic name as entry element | Valuation |
| 9 (RLIN) | 6273 |
| 856 40 - ELECTRONIC LOCATION AND ACCESS | |
| Uniform Resource Identifier | <a href="https://www.rics.org/profession-standards/rics-standards-and-guidance/sector-standards/valuation-standards/bank-lending-valuations-and-mortgage-lending-value">https://www.rics.org/profession-standards/rics-standards-and-guidance/sector-standards/valuation-standards/bank-lending-valuations-and-mortgage-lending-value</a> |
| Public note | Available free on RICS.org |
| 856 40 - ELECTRONIC LOCATION AND ACCESS | |
| Uniform Resource Identifier | <a href="https://www.isurv.com/downloads/file/7560/archive_bank_lending_valuations_and_mortgage_lending_value_1st_edition">https://www.isurv.com/downloads/file/7560/archive_bank_lending_valuations_and_mortgage_lending_value_1st_edition</a> |
| Public note | Version as Guidance note archived on iSurv (subscription required) |
| 942 ## - ADDED ENTRY ELEMENTS (KOHA) | |
| Suppress in OPAC | 0 |
| Source of classification or shelving scheme | Dewey Decimal Classification |
| Withdrawn status | Lost status | Source of classification or shelving scheme | Damaged status | Not for loan | Home library | Current library | Shelving location | Date acquired | Total Checkouts | Full call number | Barcode | Date last seen | Copy number | Price effective from | Koha item type |
|---|---|---|---|---|---|---|---|---|---|---|---|---|---|---|---|
| Dewey Decimal Classification | Virtual | Virtual | Online | 10/04/2018 | ONLINE PUBLICATION | 159942-2001 | 22/03/2023 | 1 | 06/08/2019 | Book |